000 00398pam a2200133 a 4500
020 _a0-940087-94-4
_c
041 _h
082 _a001.4266
_bPOT/RAB
100 _aPOTTER C.,RABB M.Y.,
245 _aHARVARD GRAPHICS DESIGN COMPANION: TIPS TECHNIQUES and IDEA FOR CREATING GREAT-LOOKING PRESENTATIONS
_hTextual Documents
260 _aUSA
_bVENTANA PRESS
_c1992
300 _aXX+266
930 _a7896
999 _c127358
_d127358